000 00620nam a22002417a 4500
003 BCEG
005 20260318115405.0
008 260318s2016 mx|||||| |||| 00| 0 spa d
020 _a9786073144094
040 _aBCEG
_bspa
_cBCEG
041 _aspa
082 0 4 _a813.5
_bR881a
100 1 _aRowell, Rainbow,
_d1973-.
245 1 _aAttachments.
260 _aMéxico :
_bAlfaguara,
_c2016.
300 _a452 p.
534 _pTítulo original :
_tAttachments.
541 _aDonación.
546 _aTexto en español.
650 1 4 _aNovela juvenil estadounidense.
700 1 _aSimó, Victoria,
_etr.
942 _cBK
999 _c437111
_d437111